Henry van de Velde : The Artist as Designer /

Salvato in:
Dettagli Bibliografici
Autore principale: Hollis, Richard (Autore)
Natura: Libro
Lingua:inglese
Pubblicazione: s.l. : Occasional Papers, 2019
Edizione:1. vydanie
Soggetti:
Tags: Aggiungi Tag
Nessun Tag, puoi essere il primo ad aggiungerne!!

MARC

LEADER 00000nam a22000003a 4500
001 0074190
003 SK-STU
005 20190702112014.6
007 ta
008 190702s ----xo-----e------000-0-----d
020 |a 978-0-9954730-5-8 
040 |a STU  |b slo 
041 0 |a eng 
044 |a be 
100 1 |a Hollis, Richard  |4 aut 
245 1 0 |a Henry van de Velde :  |b The Artist as Designer /  |c aut. Richard Hollis 
246 3 1 |b From Art Nouveau to Modernism 
250 |a 1. vydanie 
260 |a s.l. :  |b Occasional Papers,  |c 2019 
300 |a 264 s. 
650 0 7 |a architekti európski 
650 0 7 |a eklekticizmus 
650 0 7 |a Art Nouveau 
650 0 7 |a sociálne aspekty 
650 0 7 |a život a dielo 
650 0 7 |a architektúra 
650 0 7 |a budovy pre kultúru a voľný čas 
650 0 7 |a nábytok 
650 0 7 |a interiér 
650 0 7 |a keramika 
650 0 7 |a šperky 
650 0 7 |a móda 
996 |b 284AU08063  |c A* 11328/U  |l AAKNST  |s P  |a 0  |w 0074190_0001